| 000 | 00525nam a22001817a 4500 | ||
|---|---|---|---|
| 999 |
_c195528 _d195528 |
||
| 005 | 20230405112538.0 | ||
| 010 | _aENG-136577 | ||
| 020 |
_a9788120341876 _c295.00 |
||
| 035 | _aEN-120109 | ||
| 037 | _bDBAD/PUB | ||
| 082 | _a005.4 | ||
| 100 | _aSingh,Ajay | ||
| 245 |
_aDigital VLSI Design / _cBy Ajay Singh |
||
| 260 |
_aNew Delhi _bPHI Learning Limited _c2011 |
||
| 270 |
_aM-97, Connaught Place Circus, _bNew Delhi _e110001 |
||
| 300 |
_axi348p.; _c24cm(pbk) _bIndex |
||
| 942 |
_2ddc _cEN _h005.4 _mAJA |
||